000 00349nam a2200145Ia 4500
008 230917s9999||||xx |||||||||||||| ||und||
040 _e196806
_aMAIN
041 _aEnglish
082 _a391 W892D
100 _aWorkman, Jane E
245 0 _aDress and society
260 _aNew York
_bFairchild Books
_c2009
300 _axv, 380 p.
942 _cBK
999 _c164744
_d164744